Statistiche per Anagrammi dei Calciatori - Quiz n°3

Clicka qui per fare il quiz!

Statistiche generali

  • Questo quiz è stato fatto 4 volte
  • Il punteggio medio è 5 su 10

Statistiche sulle risposte

AnagrammaCalciatore% Corretto
iodanndoDonadoni
100%
ogagGago
100%
tprapTrapp
100%
agricniiCigarini
50%
eubiizheEhizibue
50%
rkenesiEriksen
50%
rcipaarCaprari
0%
seiukvulksKulusevki
0%
rizteamnMartinez
0%
rflfaeatTaffereò
0%

Distribuzione punteggi

Percentile per numero di risposta

Percentuale di utenti per punteggio

I tuoi punteggi nel tempo

Non hai fatto questo quiz